书目信息 |
| 题名: |
大地
|
|
| 作者: | 刘风梅 著 | |
| 分册: | ||
| 出版信息: | 北京 作家出版社 2021.07 |
|
| 页数: | 280页 | |
| 开本: | 23cm | |
| 丛书名: | ||
| 单 册: | ||
| 中图分类: | I247.57 | |
| 科图分类: | ||
| 主题词: | 长篇小说--chang pian xiao shuo--中国--当代 | |
| 电子资源: | ||
| ISBN: | 978-7-5212-1288-4 | |
| 000 | 00970nam0 2200241 450 | |
| 001 | 202021193855 | |
| 005 | 20211025120142.0 | |
| 010 | @a978-7-5212-1288-4@dCNY42.00 | |
| 100 | @a20211002d2021 em y0chiy50 ea | |
| 101 | 0 | @achi |
| 102 | @aCN@b110000 | |
| 105 | @ay z 000ay | |
| 106 | @ar | |
| 200 | 1 | @a大地@Ada di@f刘风梅著 |
| 210 | @a北京@c作家出版社@d2021.07 | |
| 215 | @a280页@d23cm | |
| 314 | @a刘风梅, 编审、中国作家协会会员。 | |
| 330 | @a李家村是个只有二十多户人家的小村庄, 为了赶走日本侵略者, 为了打败国民党反动派, 乡亲们踊跃参军参战, 积极缴纳救国公粮, 缝军衣、做军鞋, 不惜一切代价地支援前线。他们中的许多人还直接走上战场, 抬担架, 运送军粮和军需, 为革命奉献了自己宝贵的生命。小说通过对最平常的生产和生活场景的描述, 塑造了一个个性鲜明、富有立体感的群体…… | |
| 606 | 0 | @a长篇小说@Achang pian xiao shuo@y中国@x当代 |
| 690 | @aI247.57@v5 | |
| 701 | 0 | @a刘风梅@Aliu feng mei@4著 |
| 801 | 0 | @aCN@c20210909 |
| 905 | @a河南城建学院图书馆@dI247.57@eL614 | |
| 大地/刘风梅著.-北京:作家出版社,2021.07 |
| 280页;23cm |
| ISBN 978-7-5212-1288-4:CNY42.00 |
| 李家村是个只有二十多户人家的小村庄, 为了赶走日本侵略者, 为了打败国民党反动派, 乡亲们踊跃参军参战, 积极缴纳救国公粮, 缝军衣、做军鞋, 不惜一切代价地支援前线。他们中的许多人还直接走上战场, 抬担架, 运送军粮和军需, 为革命奉献了自己宝贵的生命。小说通过对最平常的生产和生活场景的描述, 塑造了一个个性鲜明、富有立体感的群体…… |
| ● |
| 相关链接 |
|
|
|
正题名:大地
索取号:I247.57/L614
 
预约/预借
| 序号 | 登录号 | 条形码 | 馆藏地/架位号 | 状态 | 备注 |
| 1 | 1543003 | 215430031 | 文学库108/108文学库 50排1列2层/ [索取号:I247.57/L614] | 在馆 | |
| 2 | 1543004 | 215430040 | 文学库108/108文学库 50排1列2层/ [索取号:I247.57/L614] | 在馆 | |
| 3 | 1543005 | 215430059 | 文学库108/108文学库 50排1列2层/ [索取号:I247.57/L614] | 在馆 |